[Event "35th Barbera Open A"]
[Site "Barbera del Valles ESP"]
[Date "2012.07.08"]
[Round "5.13"]
[White "Asis Gargatagli,H"]
[Black "Bulmaga,I"]
[Result "0-1"]
[WhiteElo "2482"]
[BlackElo "2371"]

1.e4 c5 2.Nf3 d6 3.d4 cxd4 4.Nxd4 Nf6 5.Nc3 a6 6.Be3 e5 7.Nb3 Be6 8.Qd2 Nbd7
9.f3 Qc7 10.g4 h6 11.O-O-O b5 12.Nd5 Bxd5 13.exd5 Nb6 14.Bxb6 Qxb6 15.h4 Be7
16.Kb1 a5 17.Qe2 Rb8 18.f4 a4 19.fxe5 dxe5 20.Nd2 Bd6 21.Bg2 a3 22.g5 Nh5
23.Qxh5 Qd4 24.Nc4 Qxc4 25.Rd3 axb2 26.Rf1 Rb7 27.Bh3 g6 28.Qf3 O-O 29.gxh6 Ra8
30.a3 Rc7 31.Rf2 Qxh4 32.Qf6 Qxh6 33.Kxb2 Ra6 34.Be6 Qg7 35.Qd8+ Bf8 36.Qf6 Bxa3+  0-1

[Event "11th ROC Nova Open"]
[Site "Haarlem NED"]
[Date "2012.07.08"]
[Round "4.2"]
[White "Van Kampen,R"]
[Black "Van Oosterom,C"]
[Result "1/2-1/2"]
[WhiteElo "2560"]
[BlackElo "2385"]

1.e4 c5 2.Nf3 d6 3.d4 cxd4 4.Nxd4 Nf6 5.Nc3 a6 6.Be3 e6 7.g4 e5 8.Nf5 h5
9.g5 Nxe4 10.Nxg7+ Bxg7 11.Nxe4 d5 12.Ng3 d4 13.Bd2 Qd5 14.c4 Qc6 15.Bd3 h4
16.Be4 hxg3 17.Bxc6+ Nxc6 18.fxg3 e4 19.Qe2 e3 20.Bxe3 dxe3 21.Qxe3+ Be6
22.O-O-O O-O 23.b3 a5 24.a4 Nb4 25.Rhf1 b5 26.Rf6 Rfe8 27.Qf3 bxc4 28.Rxe6 fxe6
29.Rd7 Rf8 30.Qe2 Nd3+ 31.Rxd3 cxd3 32.Qxe6+ Kh8 33.Qh3+ Kg8 34.Qe6+ Kh8
35.Qh3+ Kg8  1/2-1/2

[Event "Werner-Ott-Open 2012"]
[Site "Berlin GER"]
[Date "2012.07.09"]
[Round "3.6"]
[White "Hoffmann,Ra"]
[Black "Figura,A"]
[Result "0-1"]
[WhiteElo "2116"]
[BlackElo "2349"]

1.e4 c5 2.Nf3 d6 3.d4 cxd4 4.Nxd4 Nf6 5.Nc3 a6 6.Be3 e5 7.Nb3 Be7 8.f3 Be6
9.Qd2 O-O 10.O-O-O a5 11.Kb1 a4 12.Nc1 a3 13.b3 Nc6 14.Nd5 Bxd5 15.exd5 Nd4
16.c3 Nf5 17.Bf2 Nd7 18.Qe1 Nh4 19.g3 Nxf3 20.Qe2 e4 21.Qxe4 Nfe5 22.Nd3 Bf6
23.Qb4 Nxd3 24.Bxd3 Nc5 25.Bb5 b6 26.Rhf1 Be5 27.Be3 f5 28.Bd3 Qc8 29.Bd4 Bxd4
30.Qxd4 Ne4 31.Bxe4 fxe4 32.Rxf8+ Qxf8 33.Qe3 Re8 34.b4 Qf5 35.Kc2 Qh3 36.Qe2 e3
37.Kb3 Qc8 38.Rc1 Qf5 39.Kxa3 Qxd5 40.Kb2 b5 41.Rc2 Qe5 42.Kb3 d5 43.a4 bxa4+
44.Kxa4 Qe4 45.Ka3 Qxc2 46.Qxc2 e2 47.Qa4 e1=Q  0-1

[Event "FSIM July 2012"]
[Site "Budapest HUN"]
[Date "2012.07.09"]
[Round "3.5"]
[White "To,N"]
[Black "Szeberenyi,A"]
[Result "1/2-1/2"]
[WhiteElo "2305"]
[BlackElo "2325"]

1.e4 c5 2.Nf3 d6 3.d4 cxd4 4.Nxd4 Nf6 5.Nc3 a6 6.Be3 e5 7.Nb3 Be6 8.f3 Nbd7
9.Qd2 b5 10.O-O-O Rc8 11.g4 Nb6 12.g5  1/2-1/2

[Event "ch-SWE 2012"]
[Site "Falun SWE"]
[Date "2012.07.09"]
[Round "3"]
[White "Lindberg,Be"]
[Black "Hedman,E"]
[Result "1/2-1/2"]
[WhiteElo "2409"]
[BlackElo "2381"]

1.e4 c5 2.Nf3 d6 3.d4 cxd4 4.Nxd4 Nf6 5.Nc3 a6 6.Be3 Ng4 7.Bg5 h6 8.Bh4 g5
9.Bg3 Bg7 10.h3 Nf6 11.Qe2 Nc6 12.Nxc6 bxc6 13.e5 Nd5 14.Qe4 Qb6 15.Nxd5 cxd5
16.Qxd5 Qxb2 17.Qc6+ Kd8 18.Rd1 Bb7 19.Qc5 Rc8 20.Qa5+ Ke8 21.Bxa6 Bxa6 22.Qxa6 Qc3+
23.Rd2 Bxe5 24.Qb5+ Kf8 25.Bxe5 dxe5 26.Ke2 Kg7 27.Qd3 Qb2 28.Rhd1 Qxa2 29.Ke1 Qa5
30.Kf1 Rc3 31.Qe2 Rhc8 32.Rd5 Qc7 33.Rd7 Qc4 34.Qxc4 R8xc4 35.Rxe7 Rxc2 36.Rxe5 Rc1  1/2-1/2

[Event "119th ch-SCO 2012"]
[Site "Glasgow SCO"]
[Date "2012.07.09"]
[Round "3.8"]
[White "Sreeves,C"]
[Black "Gormally,D"]
[Result "1/2-1/2"]
[WhiteElo "2175"]
[BlackElo "2505"]

1.e4 c5 2.Nf3 d6 3.d4 cxd4 4.Nxd4 Nf6 5.Nc3 a6 6.Be3 g6 7.f3 b5 8.Qd2 Nbd7
9.a4 bxa4 10.Nxa4 Bb7 11.Nb3 Bg7 12.Na5 Qc7 13.Be2 O-O 14.O-O d5 15.Nxb7 Qxb7
16.exd5 Nxd5 17.Bf2 Qc6 18.Rfd1 N5b6 19.Nxb6 Nxb6 20.Rxa6 Rxa6 21.Bxa6 Na4
22.Qe2 Nxb2 23.Rb1 e6 24.Kf1 Qc7 25.Bg3 Qa5 26.Bc4 Rd8 27.Bb3 h5 28.Be1 Qc7
29.Bg3 Qb7 30.Qe4 Qb6 31.Bf2 Qc7 32.Bg3 Qd7 33.c4 Qd2 34.Qc2 Qxc2 35.Bxc2 Nxc4
36.Bf4 Be5 37.Bg5 Rd5 38.Bb3 Rb5 39.Ba2 Rxb1+ 40.Bxb1 Bxh2 41.Ke2 Be5 42.g4 Kg7
43.gxh5 gxh5 44.Bc1 Kf6 45.Bd3 Nb6 46.f4 Bc3 47.Kf3 Nd5 48.Bc4 Ne7 49.Be3 Nf5
50.Bb6 Nh4+ 51.Kg3 Be1+ 52.Kh3 Kg7 53.Ba5 Bxa5 54.Kxh4 Kh6 55.Bd3 Be1+ 56.Kh3 Kg7
57.Bf1 Kf6 58.Kg2 Ke7 59.Kf3 Kd6 60.Ke4 Bg3 61.Bh3 Bh2 62.Bf1 f6 63.Be2 h4
64.Bf1 Bg3 65.Bh3 f5+ 66.Kf3 Ke7 67.Bg2 Be1 68.Bh3 Bd2 69.Bg2 Kf6 70.Bf1 Kg7
71.Bh3 Kf6 72.Bf1  1/2-1/2

[Event "II Holuj-Radzikowski Mem"]
[Site "Warsaw POL"]
[Date "2012.07.09"]
[Round "9"]
[White "Haast,A"]
[Black "Lach,A"]
[Result "0-1"]
[WhiteElo "2255"]
[BlackElo "2153"]

1.e4 c5 2.Nf3 d6 3.d4 cxd4 4.Nxd4 Nf6 5.Nc3 a6 6.Be3 e5 7.Nb3 Be6 8.f3 Be7
9.Qd2 O-O 10.O-O-O Nbd7 11.g4 b5 12.Kb1 b4 13.Ne2 a5 14.g5 Ne8 15.h4 a4 16.Nbc1 b3
17.cxb3 axb3 18.a3 d5 19.Bh3 d4 20.Bxd4 Bxh3 21.Rxh3 exd4 22.Nxd4 Nc5 23.Nf5 Qc7
24.Qc3 Qa7 25.Rd5 Na4 26.Qd2 Nb6 27.Rb5 Bxa3 28.Nxb3 Nc4 29.Qd4 Qxd4 30.Nbxd4 Bxb2
31.Rxb2 Nxb2 32.Kxb2 Nc7 33.Kc2 Ne6 34.Rh1 Rfc8+ 35.Kd3 Rd8 36.Rd1 Nxd4 37.Nxd4 Rxd4+  0-1

[Event "35th Barbera Open A"]
[Site "Barbera del Valles ESP"]
[Date "2012.07.10"]
[Round "7.11"]
[White "Aroshidze,L"]
[Black "Navarro Lopez Menchero,D"]
[Result "1-0"]
[WhiteElo "2580"]
[BlackElo "2230"]

1.e4 c5 2.Nf3 d6 3.d4 cxd4 4.Nxd4 Nf6 5.Nc3 a6 6.Be3 Ng4 7.Bg5 Nc6 8.Nb3 h6
9.Bh4 g5 10.Bg3 Bg7 11.Qd2 Nge5 12.f3 b5 13.Bf2 Na5 14.Nxa5 Qxa5 15.Bd4 Be6
16.h4 Rc8 17.Be2 Rg8 18.hxg5 hxg5 19.a3 Nc4 20.Bxc4 Rxc4 21.Bxg7 Rxg7 22.Rh8+ Kd7
23.O-O-O Rc5 24.Qd4  1-0

[Event "22nd Gorges Open"]
[Site "Gorges FRA"]
[Date "2012.07.10"]
[Round "3.3"]
[White "Le Pen,S"]
[Black "Chabradze,B"]
[Result "1-0"]
[WhiteElo "1847"]
[BlackElo "2202"]

1.e4 c5 2.Nf3 d6 3.d4 cxd4 4.Nxd4 Nf6 5.Nc3 a6 6.Be3 e5 7.Nb3 Be6 8.f3 Nbd7
9.Qd2 Qc7 10.O-O-O b5 11.Qf2 Rb8 12.g4 h6 13.Be2 Nb6 14.Bxb6 Qxb6 15.Qxb6 Rxb6
16.Nd5 Bxd5 17.exd5 Be7 18.Na5 O-O 19.b4 Re8 20.Kb2 e4 21.Kb3 g6 22.c4 Bf8
23.Rhe1 bxc4+ 24.Bxc4 exf3 25.Rxe8 Nxe8 26.Re1 Nf6 27.h3 Nd7 28.Nc6 Ne5 29.Nxe5 dxe5
30.a3 Bd6 31.Re3 f5 32.gxf5 gxf5 33.Rxf3 f4 34.Bd3 a5 35.b5 Rb7 36.Ka4 Bc5
37.Be4 Rg7 38.Rc3 Rc7 39.Rc2 Kf7 40.Rxc5 Rxc5 41.b6 Rc8 42.b7 Rf8 43.Kxa5 Ke7
44.Bf3 Kd7 45.Kb6 e4 46.Bxe4 f3 47.Ka7 f2 48.Bg2 Rf3 49.Bxf3 f1=Q 50.Bg4+ Ke7
51.b8=Q Qf2+ 52.Qb6  1-0

[Event "34th Oberwart Open A"]
[Site "Oberwart AUT"]
[Date "2012.07.10"]
[Round "4.15"]
[White "Veszpremi,A"]
[Black "Recklingloh,F"]
[Result "1-0"]
[WhiteElo "2262"]
[BlackElo "2188"]

1.e4 c5 2.Nf3 d6 3.d4 cxd4 4.Nxd4 Nf6 5.Nc3 a6 6.Be3 e5 7.Nf3 h6 8.Bc4 Be6
9.Bxe6 fxe6 10.Qe2 b5 11.a3 Nbd7 12.O-O Qc7 13.Nh4 Qc6 14.Ng6 Rg8 15.Rad1 d5
16.exd5 exd5 17.Nxe5 Nxe5 18.Bd4 O-O-O 19.Qxe5 Bd6 20.Qf5+ Kb7 21.g3 Bc5
22.Bxf6 gxf6 23.Rxd5 Bxa3 24.Qh7+ Kb8 25.Rfd1 Rde8 26.bxa3 Qxc3 27.Rd6 Qc8
28.Rb6+ Ka8 29.Rd7  1-0

[Event "Turkish Bank Chess League 2012"]
[Site "Konya TUR"]
[Date "2012.07.11"]
[Round "1"]
[White "Okus,M"]
[Black "Sumer,G"]
[Result "0-1"]
[WhiteElo "1966"]
[BlackElo "1886"]

1.e4 c5 2.Nf3 d6 3.d4 cxd4 4.Nxd4 Nf6 5.Nc3 a6 6.Be3 e5 7.Nb3 Be7 8.h3 Be6
9.Qf3 Qc7 10.g4 b5 11.g5 Nfd7 12.O-O-O Nc6 13.Qg3 b4 14.Nd5 Bxd5 15.exd5 Na5
16.Nxa5 Qxa5 17.Kb1 Nc5 18.Bxc5 Qxc5 19.f4 f6 20.Bd3 a5 21.gxf6 Bxf6 22.Bxh7 O-O-O
23.Bf5+ Kc7 24.fxe5 Bxe5 25.Qg1 Qxg1 26.Rhxg1 Rdf8 27.Bg4 Rf2 28.Rd3 Kb6
29.a3 Kc5 30.Re1 Rb8 31.a4 Rbf8 32.Re4 R8f4 33.Rxf4 Rxf4 34.Be6 Rf1+ 35.Ka2 Rf2
36.Kb3 Rf1 37.Bd7 Rb1 38.c3 bxc3 39.Rxc3+ Bxc3 40.Kxc3 Kxd5 41.Bg4 Kc5 42.b3 Rg1
43.Be6 d5 44.Kc2 Rg2+ 45.Kc3 Rg3+ 46.Kc2 Re3 47.Bf5 Kb4  0-1

[Event "87th ch-Paris IdF Open"]
[Site "Paris FRA"]
[Date "2012.07.11"]
[Round "5.4"]
[White "Renet,O"]
[Black "Griffiths,R"]
[Result "1/2-1/2"]
[WhiteElo "2472"]
[BlackElo "2326"]

1.e4 c5 2.Nf3 d6 3.d4 cxd4 4.Nxd4 Nf6 5.Nc3 a6 6.Be3 e6 7.f3 b5 8.g4 h6 9.Qd2 b4
10.Na4 Nbd7 11.O-O-O Ne5 12.b3 Bd7 13.Nb2 d5 14.Bf4 Qc7 15.Bg2 Bc5 16.Bxe5 Qxe5
17.f4 Qxd4 18.Qxd4 Bxd4 19.Rxd4 Bc6 20.exd5 Bxd5 21.Rg1 Bxg2 22.Rxg2 a5 23.f5 O-O
24.fxe6 fxe6 25.Nc4 Nd5 26.Kd2  1/2-1/2

[Event "87th ch-Paris IdF Open"]
[Site "Paris FRA"]
[Date "2012.07.11"]
[Round "5.12"]
[White "Bonnet,E1"]
[Black "Wirig,A"]
[Result "0-1"]
[WhiteElo "2255"]
[BlackElo "2452"]

1.e4 c5 2.Nf3 d6 3.d4 cxd4 4.Nxd4 Nf6 5.Nc3 a6 6.Be3 e6 7.f3 b5 8.Qd2 Bb7
9.g4 Nfd7 10.a4 bxa4 11.Nxa4 Be7 12.g5 O-O 13.Bg2 Nc6 14.Nxc6 Bxc6 15.O-O Qc7
16.b3 Rfc8 17.Rfc1 Qb7 18.Qe2 d5 19.exd5 Bxd5 20.f4 Bxg2 21.Qxg2 Qc7 22.Qe4 Rab8
23.Nb2 Bc5 24.Nd3 Bxe3+ 25.Qxe3 Qc3 26.Rxa6 Nc5 27.Rd6 g6 28.Rd4 Na6 29.Re4 Rb7
30.Qd4 Qd2 31.Qf2 Qc3 32.Qe1 Qc7 33.Qf2 Qc3 34.Ra4 Nb4 35.Nxb4 Rxb4 36.Rxb4 Qxb4
37.Rd1 Qc3 38.Rd3 Qb2 39.c4 Qb1+ 40.Qf1 Qb2 41.Qd1 Kg7 42.Qe1 Kg8 43.Qd2 Qa1+
44.Kg2 Qa8+ 45.Kg3 Qb8 46.Qc3 Qb6 47.Qd4 Qa5 48.Qc3 Qb6 49.Rd1 Qb8 50.b4 Re8
51.Re1 Rd8 52.b5 Rd7 53.Re3 Qb6 54.Kg2 Qd8 55.Re2 Rd4 56.Qe3 Rxc4 57.Rd2 Qa8+
58.Qf3 Qb8 59.Rf2 Rb4 60.b6 Rxb6 61.Ra2 Rb2+ 62.Rxb2 Qxb2+ 63.Kg3 Qd4 64.h4 Kg7
65.Qe2 Qc3+ 66.Kg2 Kf8 67.Qe4 Qb2+ 68.Kg3 Qb3+ 69.Qf3 Qxf3+ 70.Kxf3 f5 71.gxf6 Kf7
72.Ke3 Kxf6 73.Ke4 h6 74.Kd4  0-1

[Event "14th Saint-Lo Festival IM"]
[Site "Saint-Lo FRA"]
[Date "2012.07.11"]
[Round "6"]
[White "Barbot,Pi1"]
[Black "Valuet,B"]
[Result "1-0"]
[WhiteElo "2271"]
[BlackElo "2316"]

1.e4 c5 2.Nf3 d6 3.d4 cxd4 4.Nxd4 Nf6 5.Nc3 a6 6.Be3 e5 7.Nb3 Be6 8.Qd2 Nbd7
9.O-O-O Rc8 10.f4 b5 11.Kb1 Be7 12.f5 Bc4 13.g4 Nxg4 14.Rg1 Ndf6 15.h3 b4
16.Nd5 Nxe4 17.Qxb4 Nxe3 18.Nxe3 d5 19.Qa4+ Bb5 20.Bxb5+ axb5 21.Qxb5+ Kf8
22.Rxd5 Qc7 23.Rxe5 Nd6 24.Qd3 Qb6 25.Rxe7  1-0

[Event "Int Open ch-SVK 2012"]
[Site "Banska Stiavnica SVK"]
[Date "2012.07.12"]
[Round "6.22"]
[White "Haring,V"]
[Black "Aczel,G"]
[Result "0-1"]
[WhiteElo "2072"]
[BlackElo "2433"]

1.e4 c5 2.Nf3 d6 3.d4 cxd4 4.Nxd4 Nf6 5.Nc3 a6 6.Be3 e5 7.Nb3 Be7 8.f4 O-O
9.Qf3 Bg4 10.Qf2 exf4 11.Qxf4 Bh5 12.h3 d5 13.e5 Ne4 14.Nxe4 dxe4 15.g3 Bf3
16.Rh2 Nc6 17.Be2 f5 18.h4 Bxe2 19.Rxe2 Qc7 20.Bd4 a5 21.a4 Bb4+ 22.Kf1 Rae8
23.c3 Nxd4 24.Nxd4 Bc5 25.Rd1 Qxe5 26.Nb3 Qxf4+ 27.gxf4 Be7 28.Nxa5 Bxh4
29.Nxb7 Bg3 30.Rd7 Bxf4 31.a5 Bb8 32.Nc5 e3 33.Kg2 Re5 34.Nd3 Rxa5 35.Rxe3 f4
36.Rf3 g5 37.Rh3 g4 38.Rhxh7 f3+ 39.Kf1 Rg5 40.Nc5 g3 41.Ne4 f2  0-1

[Event "Turkish Bank Chess League 2012"]
[Site "Konya TUR"]
[Date "2012.07.12"]
[Round "2"]
[White "Savchenko,B"]
[Black "Odeev,H"]
[Result "0-1"]
[WhiteElo "2550"]
[BlackElo "2382"]

1.e4 c5 2.Nf3 d6 3.d4 cxd4 4.Nxd4 Nf6 5.Nc3 a6 6.Be3 e6 7.f3 b5 8.Qd2 Nbd7
9.g4 h6 10.O-O-O b4 11.Nce2 Qc7 12.Kb1 d5 13.exd5 Nxd5 14.Nf4 N7f6 15.Bd3 Be7
16.Rhe1 Rb8 17.Ka1 Nxe3 18.Qxe3 Rb6 19.h4 g5 20.hxg5 hxg5 21.Nfxe6 Bxe6 22.Bf5 Bd5
23.Bc8 Kf8 24.Nf5 Be6 25.Bxe6 Rxe6 26.Qxg5 Ne8 27.Qd2 Rh2 28.Rh1 Reh6 29.Rxh2 Rxh2
30.Qe3 Bf6 31.Qb3 Rxc2 32.Qxb4+ Be7 33.Qe4 Bf6 34.Qb4+ Kg8 35.Nh6+ Kg7 36.Nf5+ Kg6
37.Rb1 Rxb2 38.Ne7+ Kg7 39.Nf5+ Kh7 40.Qe4 Rd2+ 41.Nd4+ Kg7  0-1

[Event "86th ch-ARG 2012"]
[Site "La Plata ARG"]
[Date "2012.07.12"]
[Round "11.3"]
[White "Alonso,S"]
[Black "Perez Ponsa,F"]
[Result "0-1"]
[WhiteElo "2516"]
[BlackElo "2489"]

1.e4 c5 2.Nf3 d6 3.d4 cxd4 4.Nxd4 Nf6 5.Nc3 a6 6.Be3 e5 7.Nb3 Be6 8.h3 Be7
9.f4 exf4 10.Bxf4 Nc6 11.Qe2 Nd7 12.O-O-O Nde5 13.Kb1 Rc8 14.Nd5 O-O 15.g4 Re8
16.Qg2 Bg5 17.Bg3 Bxd5 18.exd5 Na5 19.h4 Be3 20.Nxa5 Qxa5 21.g5 Qb6 22.Bxe5 Rxe5
23.Qf3 Bd4 24.Qb3 Qxb3 25.axb3 Bc5 26.c3 a5 27.Bb5 Rc7 28.Kc2 g6 29.Ra1 b6
30.Rhf1 Kg7 31.Ra4 h6 32.gxh6+ Kxh6 33.Rf6 Kg7 34.Raf4 Rce7 35.Bd3 Rh5 36.Kd1 Rxd5
37.Kc2 Rh5 38.Bc4 d5 39.Bd3 Be3 40.Rf3 Rxh4 41.Rd6 Rh1 42.Bf1 Rh2+ 43.Kb1 Bc5
44.Rxd5 Ba3 45.Bc4 Rxb2+  0-1

[Event "14th Saint-Lo Festival IM"]
[Site "Saint-Lo FRA"]
[Date "2012.07.13"]
[Round "8"]
[White "Barbot,Pi1"]
[Black "Pucher,S"]
[Result "0-1"]
[WhiteElo "2271"]
[BlackElo "2217"]

1.e4 c5 2.Nf3 d6 3.d4 cxd4 4.Nxd4 Nf6 5.Nc3 a6 6.Be3 e5 7.Nb3 Be6 8.Qd2 Nbd7
9.O-O-O b5 10.f4 Rc8 11.Kb1 Be7 12.f5 Bc4 13.g4 Nxg4 14.Rg1 Nxe3 15.Qxe3 Qb6
16.Qg3 Nf6 17.Bxc4 bxc4 18.Nd2 g6 19.Qh3 O-O 20.Qh6 Rfd8 21.Rdf1 Bf8 22.Qh4 Bg7
23.Rg2 d5 24.exd5 Nxd5 25.Nxd5 Rxd5 26.c3 Qc6 27.f6 Bf8 28.Ne4 Rcd8 29.Rgg1 Qa4
30.Rc1 Ra5 31.a3 Qb3 32.Rg2 Rxa3 33.Nd2 Qa2+ 34.Kc2 Rxc3+ 35.Kxc3 Bb4+ 36.Kc2 Bxd2
37.Qg4 Qb3+ 38.Kb1 Bxc1 39.Kxc1 c3 40.Rc2 cxb2+ 41.Rxb2 Qd3 42.Rc2 Qa3+ 43.Rb2 Rb8  0-1

[Event "Int Open ch-SVK 2012"]
[Site "Banska Stiavnica SVK"]
[Date "2012.07.14"]
[Round "8.21"]
[White "Turkova,K"]
[Black "Banduka,Z"]
[Result "1/2-1/2"]
[WhiteElo "2005"]
[BlackElo "2173"]

1.e4 c5 2.Nf3 d6 3.d4 cxd4 4.Nxd4 Nf6 5.Nc3 a6 6.Be3 Ng4 7.Bg5 h6 8.Bh4 g5
9.Bg3 Bg7 10.Be2 Ne5 11.Qd2 Nbc6 12.Nf5 Bxf5 13.exf5 Rc8 14.O-O Nd4 15.f4 gxf4
16.Rxf4 Nxe2+ 17.Nxe2 Qb6+ 18.Bf2 Qxb2 19.Rc1 h5 20.Rb4 Qxa2 21.Rxb7 Bh6
22.Nf4 Rg8 23.Rxe7+ Kxe7 24.Nd5+ Kd7 25.Nf6+ Kc6 26.Qxh6 Ng4 27.Qd2 Nxf6
28.Qc3+ Kd7 29.Qxf6 Rxc2 30.Rd1 Rxg2+ 31.Kh1 Rxh2+ 32.Kg1 Rd2 33.Rxd2 Qxd2
34.Qxf7+ Kc6 35.Qe8+ Kc7  1/2-1/2

[Event "Minsk Open 2012"]
[Site "Minsk BLR"]
[Date "2012.07.14"]
[Round "5.6"]
[White "Lintchevski,D"]
[Black "Aliavdin,N"]
[Result "1-0"]
[WhiteElo "2563"]
[BlackElo "2372"]

1.e4 c5 2.Nf3 d6 3.d4 cxd4 4.Nxd4 Nf6 5.Nc3 a6 6.Be3 e5 7.Nf3 Be7 8.Bc4 O-O
9.O-O Qc7 10.Bb3 Be6 11.Bg5 Nbd7 12.Qe2 Rac8 13.Rfd1 b5 14.a3 Nb6 15.Bxf6 Bxf6
16.Rac1 Bg4 17.h3 Bxf3 18.Qxf3 Bg5 19.Rb1 g6 20.Rd3 Kg7 21.Rbd1 Be7 22.Qe2 Kh8
23.Rf3 Bg5 24.g3 Rcd8 25.h4 Bh6 26.Qd3 Kg7 27.Kg2 Qc8 28.Nd5 Nxd5 29.Qxd5 f5
30.Rc3 Qd7 31.f3 Rf6 32.Qd3 Rc8 33.Bd5 Rff8 34.Rxc8 Rxc8 35.Bb3 Rd8 36.c4 bxc4
37.Bxc4 a5 38.b3 fxe4 39.Qxe4 Qf5 40.Rd5 Qxe4 41.fxe4 a4 42.bxa4 Rc8 43.Bd3 Rc3
44.Rxd6 Be3 45.a5 Rxa3 46.Rd7+ Kf8 47.a6 h5 48.Bc4 Rc3 49.Bd5 Ra3 50.Rf7+ Ke8
51.Rf3  1-0

[Event "TCh-CHN 2012"]
[Site "Tianjin CHN"]
[Date "2012.07.14"]
[Round "10"]
[White "Liu Guanchu"]
[Black "Zhou Jianchao"]
[Result "0-1"]
[WhiteElo "2260"]
[BlackElo "2625"]

1.e4 c5 2.Nf3 d6 3.d4 cxd4 4.Nxd4 Nf6 5.Nc3 a6 6.Be3 e6 7.Qd2 Be7 8.f3 O-O
9.O-O-O b5 10.g4 Bb7 11.Kb1 Nfd7 12.h4 Nb6 13.Bd3 N8d7 14.Qf2 Rc8 15.Nce2 d5
16.g5 dxe4 17.fxe4 Nc5 18.Ng3 Nba4 19.Nb3 Nxd3 20.cxd3 f5 21.Bd4 Qd6 22.Qe1 f4
23.Ne2 e5 24.Bf2 Nxb2 25.Kxb2 Qa3+ 26.Kb1 Rc2 27.Kxc2 Qxa2+ 28.Kc3 b4+  0-1

[Event "Int Open ch-SVK 2012"]
[Site "Banska Stiavnica SVK"]
[Date "2012.07.15"]
[Round "9.10"]
[White "Petrik,T"]
[Black "Csiba,D"]
[Result "0-1"]
[WhiteElo "2536"]
[BlackElo "2370"]

1.e4 c5 2.Nf3 d6 3.d4 cxd4 4.Nxd4 Nf6 5.Nc3 a6 6.Be3 e5 7.Nf3 Qc7 8.a4 Be7
9.a5 O-O 10.Be2 Nc6 11.Bb6 Qd7 12.Nd2 d5 13.exd5 Nxd5 14.Nxd5 Qxd5 15.O-O Be6
16.c3 Bd8 17.Nc4 Qb5 18.b3 e4 19.Qc2 Rb8 20.Rfe1 f5 21.h3 Kh8 22.Bf1 Bxb6
23.Nxb6 Qc5 24.Bc4 Bxc4 25.Nxc4 Rbe8 26.Qe2 Ne5 27.Nxe5 Qxe5 28.Qc4 f4 29.Qd4 Qf5
30.Ra4 e3 31.Raa1 Rd8 32.Qb6 Rd2 33.Rf1 e2 34.Rfe1 f3 35.Qxb7 fxg2 36.Qxg2 Rd6
37.Ra4 Rd1 38.Ra1 Rxa1 39.Rxa1 Qc2 40.Kh2 Qxc3 41.Qg1 Rf3  0-1

[Event "35th Taminco Open"]
[Site "Ghent BEL"]
[Date "2012.07.15"]
[Round "3.1"]
[White "Solodovnichenko,Y"]
[Black "Ten Hagen,Y"]
[Result "1-0"]
[WhiteElo "2598"]
[BlackElo "2168"]

1.e4 c5 2.Nf3 d6 3.d4 cxd4 4.Nxd4 Nf6 5.Nc3 a6 6.Be3 e6 7.f4 Nbd7 8.Qf3 Qc7
9.g4 h6 10.Bg2 g5 11.Nde2 Bg7 12.O-O-O Rb8 13.h4 gxf4 14.Bxf4 Ne5 15.Bxe5 dxe5
16.g5 Nh7 17.Ng3 hxg5 18.hxg5 Qe7 19.Nh5 Qxg5+ 20.Kb1 Bh6 21.Na4 Bd7 22.Rxd7  1-0

[Event "III Maravilhosa Open 2012"]
[Site "Laranjeiras BRA"]
[Date "2012.07.15"]
[Round "5.2"]
[White "Barbosa,Ev"]
[Black "Von Buelow,G"]
[Result "1-0"]
[WhiteElo "2435"]
[BlackElo "2391"]

1.e4 c5 2.Nf3 d6 3.d4 cxd4 4.Nxd4 Nf6 5.Nc3 a6 6.Be3 e6 7.f3 b5 8.Qd2 Nbd7
9.g4 Nb6 10.a4 Nc4 11.Bxc4 bxc4 12.a5 Qc7 13.g5 Nd7 14.h4 Rb8 15.Na4 Be7
16.h5 Bd8 17.Kf2 Ne5 18.Nb6 Bb7 19.Qc3 O-O 20.h6 g6 21.f4 Bxe4 22.Rhg1 Qe7
23.fxe5 dxe5 24.Nf3 Bxf3 25.Kxf3 f6 26.Ke2 fxg5 27.Qxe5 Bc7 28.Nd5 Bxe5 29.Nxe7+ Kf7
30.Nc6 Rb5 31.Raf1+ Ke8 32.Rxf8+ Kxf8 33.Rxg5  1-0

[Event "27th Gniota Memorial"]
[Site "Police POL"]
[Date "2012.07.15"]
[Round "5.3"]
[White "Chlost,M"]
[Black "Musialkiewicz,J"]
[Result "0-1"]
[WhiteElo "2186"]
[BlackElo "2189"]

1.e4 c5 2.Nf3 d6 3.d4 cxd4 4.Nxd4 Nf6 5.Nc3 a6 6.Be3 e6 7.Be2 Be7 8.O-O O-O
9.f4 Qc7 10.Qe1 b5 11.a3 Bb7 12.Bf3 Nbd7 13.Kh1 Nc5 14.Bg1 Rac8 15.e5 dxe5
16.fxe5 Nfd7 17.Bxb7 Nxb7 18.Nf3 Na5 19.Bd4 Nc4 20.Rd1 Bc5 21.Qe4 h6 22.Rde1 Rcd8
23.Re2 Bxd4 24.Qxd4 Ndxe5 25.Qf4 f6 26.Rfe1 Nxb2 27.Nxe5 fxe5 28.Qb4 Nc4
29.a4 bxa4 30.Qxa4 a5 31.Ne4 Rd4 32.Qb3 Qc6 33.Nf2 Rdf4 34.Kg1 Qc5 35.Rf1 e4  0-1

[Event "Maria Albulet Memorial 2012"]
[Site "Braila ROU"]
[Date "2012.07.16"]
[Round "4"]
[White "Makropoulou,M"]
[Black "Sandu,Mi"]
[Result "1-0"]
[WhiteElo "2248"]
[BlackElo "2287"]

1.e4 c5 2.Nf3 d6 3.d4 cxd4 4.Nxd4 Nf6 5.Nc3 a6 6.Be3 Nc6 7.Be2 e5 8.Nb3 Be6
9.Nd5 Bxd5 10.exd5 Ne7 11.c4 Nf5 12.Bd2 Be7 13.O-O O-O 14.Kh1 Nd7 15.Bd3 Nh4
16.g3 Ng6 17.Bf5 Re8 18.Na5 Rb8 19.b4 Ngf8 20.Rc1 g6 21.Bh3 f5 22.Bg2 Kg7
23.c5 dxc5 24.d6 Bxd6 25.Nxb7 Rxb7 26.Bxb7 Kh8 27.bxc5 Nxc5 28.Bc6 Re6 29.Be3 Qc7
30.Qd5 Ne4 31.Qb3 Nc5 32.Qd5 Ne4 33.Qc4 Nf6 34.Bd5 Nxd5 35.Qxd5 Qe7 36.Bh6 Rf6
37.Bg5  1-0

[Event "ch-SUI Hauptturnier 1 2012"]
[Site "Flims SUI"]
[Date "2012.07.16"]
[Round "5"]
[White "Studer,N"]
[Black "Gruenenwald,J"]
[Result "1/2-1/2"]
[WhiteElo "2251"]
[BlackElo "2319"]

1.e4 c5 2.Nf3 d6 3.d4 cxd4 4.Nxd4 Nf6 5.Nc3 a6 6.Be3 e5 7.Nf3 h6 8.Bc4 Be6
9.Bb3 Be7 10.O-O O-O 11.Qe2 Qc7 12.Rfd1 Nbd7 13.Nh4 Nc5 14.Bxc5 Qxc5 15.Nf5 Rfe8
16.Nd5 Bxf5 17.exf5 e4 18.c3 Bd8 19.Rd4 Re5 20.Nxf6+ Bxf6 21.Rxe4 Rae8 22.Rxe5 Qxe5
23.Qxe5 Rxe5 24.Rd1 Be7 25.Bd5 b6 26.Bc4 a5 27.Bd3 Kf8 28.Kf1 Bf6 29.f4 Rc5
30.Kf2 d5 31.Kf3 b5 32.a3 d4 33.cxd4 Bxd4 34.b4 axb4 35.axb4 Rc3 36.Ke4 Bf6
37.Rb1 Ke7 38.Bxb5 Rc2 39.Bf1 Rb2 40.Rxb2 Bxb2 41.Kd5 Bc1 42.g3 Be3 43.Kc6 Bg1
44.h3 Bh2 45.g4 Bxf4 46.b5 Kd8 47.Bc4 f6 48.Be6 Be3 49.Bb3 Bf4 50.Ba4 Bg3
51.b6 Bf4 52.Bb5 Bg3 53.Ba4 Bf4 54.Kd5 Ke7 55.Kc5 Bg3 56.Kb5 Kd8 57.Ka6 Kc8
58.b7+ Kb8 59.Kb6 h5 60.Bd1 hxg4 61.hxg4 Bf4 62.Bf3 Bh6 63.Kc6 Bc1 64.Kd7 Bh6
65.Ke7  1/2-1/2

[Event "35th Taminco Open"]
[Site "Ghent BEL"]
[Date "2012.07.17"]
[Round "8.3"]
[White "Klundt,K"]
[Black "Sarrau,J"]
[Result "0-1"]
[WhiteElo "2358"]
[BlackElo "2306"]

1.e4 c5 2.Nf3 d6 3.d4 cxd4 4.Nxd4 Nf6 5.Nc3 a6 6.Be3 e5 7.Nb3 Be6 8.Qd2 Nbd7
9.f4 b5 10.O-O-O Be7 11.Kb1 Rc8 12.h3 Qc7 13.Bd3 Nb6 14.g4 Nc4 15.Bxc4 bxc4
16.g5 Nxe4 17.Nxe4 cxb3 18.axb3 d5 19.Ng3 d4 20.f5 dxe3 21.Qxe3 Qxc2+ 22.Ka2 Bxg5
23.Qb6 Bxf5 24.Nxf5 Qxf5 25.Rhf1 Qe6 26.Rd6 Qe7  0-1

[Event "Corporation Centre Cup A"]
[Site "Izhevsk RUS"]
[Date "2012.07.17"]
[Round "3"]
[White "Sarana,A"]
[Black "Kopylov,Al2"]
[Result "0-1"]
[WhiteElo "2072"]
[BlackElo "2446"]

1.e4 c5 2.Nf3 d6 3.d4 cxd4 4.Nxd4 Nf6 5.Nc3 a6 6.Be3 e5 7.Nb3 Be7 8.Qd2 Be6
9.O-O-O Nbd7 10.f4 Ng4 11.g3 h5 12.Be2 a5 13.a4 Nxe3 14.Qxe3 exf4 15.gxf4 Qb6
16.Qxb6 Nxb6 17.Nd4 Rh6 18.Nxe6 fxe6 19.Nb5 Rd8 20.b3 d5 21.exd5 exd5 22.Nd4 Kf7
23.Nf5 Ba3+ 24.Kb1 Rf6 25.Nd4 Rh8 26.Rhf1 Bd6 27.f5 Bxh2 28.Rh1 Be5 29.Bxh5+ Kg8
30.Nf3 Bc3 31.Bg6 Rxh1 32.Rxh1 Nd7 33.Bh7+ Kf8 34.Rh3 Ke7 35.Nh4 d4 36.Rg3 Rh6
37.Rxg7+ Kd8 38.Nf3 Rh1+ 39.Rg1 Rxh7 40.Rd1 Nc5 41.f6 Ne6 42.Rg1 Rh5 43.b4 Rf5
44.Rg8+ Kd7 45.Rg3 axb4 46.Rg7+ Kd6  0-1

[Event "27th Gniota Memorial"]
[Site "Police POL"]
[Date "2012.07.17"]
[Round "7.9"]
[White "Chlost,M"]
[Black "Snihur,P"]
[Result "0-1"]
[WhiteElo "2186"]
[BlackElo "2001"]

1.e4 c5 2.Nf3 d6 3.d4 cxd4 4.Nxd4 Nf6 5.Nc3 a6 6.Be3 e6 7.Be2 Qc7 8.O-O b5
9.a3 Bb7 10.Bd3 Nbd7 11.f4 Be7 12.g4 Nc5 13.Qf3 d5 14.e5 Nfe4 15.Nxe4 dxe4
16.Nxb5 Qd7 17.Qf2 Nxd3 18.cxd3 Qxb5 19.d4 O-O 20.f5 f6 21.Qh4 Qd7 22.Qh3 Bd5
23.Rf2 Bc4 24.Kh1 Qd5 25.Qg3 fxe5 26.dxe5 Bc5 27.Re1 Bxe3 28.Rxe3 Qd1+ 29.Kg2 Rad8
30.Kh3 exf5 31.gxf5 Qh5+ 32.Qh4 Rxf5 33.Rxf5 Qxf5+ 34.Qg4 Qxg4+ 35.Kxg4 Bd3
36.e6 Rd5 37.Kf4 Kf8 38.Re1 Ke7 39.Rc1 Kxe6 40.Rc7 Rd7 41.b4 Rxc7  0-1

[Event "16th Battle of Senta Open A"]
[Site "Senta SRB"]
[Date "2012.07.17"]
[Round "5.5"]
[White "Strugnell,C"]
[Black "Stankovic,Milo"]
[Result "1-0"]
[WhiteElo "2234"]
[BlackElo "2369"]

1.e4 c5 2.Nf3 d6 3.d4 cxd4 4.Nxd4 Nf6 5.Nc3 a6 6.Be3 e5 7.Nf3 Qc7 8.a4 b6
9.Nd5 Nxd5 10.Qxd5 Nc6 11.Ng5 Bb7 12.Bxb6 Nd4 13.Bxc7 Bxd5 14.Bd3 Bb7 15.Bb6 Be7
16.Bxd4 Bxg5 17.Bc3 O-O 18.h4 Be7 19.f3 h5 20.a5 Rfc8 21.Ke2 Rc7 22.Bd2 f5
23.Ra4 fxe4 24.fxe4 d5 25.exd5 Bxd5 26.Bc3 Bxg2 27.Rg1 Bc6 28.Bxe5 Bxa4 29.Bxc7 Bxh4
30.b3 Bd7 31.Bg6 Bg4+ 32.Kd3 Rc8 33.Bb6 Rc6 34.Be4 Rd6+ 35.Kc3 Bf6+ 36.Kb4 Be7
37.Kc3 Bf6+ 38.Kb4 Bd4 39.Bc5 Bxg1 40.Bxd6 h4 41.c4 Kf7 42.Bd5+ Be6 43.Bb7 g5
44.Bxa6 Bf2 45.Bb7 Be1+ 46.Kb5 Bd7+ 47.Kb6 Ke6 48.a6 Kxd6 49.c5+  1-0